03372nam a2200385 a 450000100060000000300080000600500170001400800410003102000180007202000150009002000180010502000150012303500190013804000370015704100080019408200260020210000300022824501230025825000200038126400790040126400100048030000530049033600260054333700280056933800270059750400510062450504260067552016090110165000420271070000260275270000270277894200120280599900170281795201520283481358BD-RjUL20230509111921.0230509t20152015paua b 001 0 eng  a9781451191554 a1451191553 z9781451193831 z1451193831 a(BD-RjUL)81358 aTHIbengerdacDLCdNLMdBD-RjUL aeng00223a612.044bMCE 20151 aMcArdle, William D.9736310aExercise physiology :bnutrition, energy, and human performance /cWilliam D. McArdle, Frank I. Katch, Victor L. Katch aEighth edition. 1aPhiladelphia :bWolters Kluwer Health/Lippincott Williams & Wilkins,c2015 4c2015. alix, 1028 pages :bcolor illustrations ;c29 cm. atextbtxt2rdacontent aunmediatedbn2rdamedia avolumebnc2rdacarrier aIncludes bibliographical references and index.0 aSect. 1. Nutrition : the base for human performance -- sect. 2. Energy for physical activity -- sect. 3. Aerobic systems of energy delivery and utilization -- sect. 4. Enhancement of energy transfer capacity -- sect. 5. Exercise performance and environmental stress -- sect. 6. Body composition, energy balance, and weight control -- sect. 7. Exercise, successful aging, and disease prevention -- sect. 8. On the horizon. a"Setting the standard for more than 30 years, Exercise Physiology has helped more than 350,000 students build a solid foundation in the scientific principles underlying modern exercise physiology. This Eighth Edition is updated with the latest research in the field to give you easy-to-understand, up-to-date coverage of how nutrition, energy transfer, and exercise training affect human performance. Get quick access to the resources available to help you master each section of the text with "Ancillaries at a Glance." Maximize your study time with the book's vibrant, "magazine style" design that makes the content more engaging and accessible and key information easier to find. Reinforce your understanding with Chapter Objectives, Integrative Questions that pose open-ended questions for reflection on complex concepts, and FYI sections that offer "good to know" information. Gain an understanding of how researchers contribute to our knowledge of exercise physiology through engaging section-opening interviews with key figures in the field. Learn how theoretical concepts relate to practical skills through "In a Practical Sense" features. Access the most relevant current information in the field through figures and tables that clarify important concepts and information. Gain an understanding of the past, present, and future of the profession through coverage of important milestones and future directions in the field. Visit the free companion website for anywhere, anytime access to over 30 animations of key exercise physiology concepts, the book's complete list of references, and more"-- 4aExercisexPhysiological aspects934121 aKatch, Frank I.973641 aKatch, Victor L.97365 2ddccBK c81358d81358 00102ddc40718NFICaRUCLbRUCLcReadingd2023-05-08eDhaka : Book Finderg9848.35l0o612.044 MCE 2015r2023-05-09 00:00:00tC-1w2023-05-09yBK